Estadísticas para Mejor quinteto de la NBA

Haz click aquí para intentar la prueba.

Estadísticas generales

  • Esta prueba ha sido intentada 814 veces
    (593 desde el último reinicio)
  • La puntuación promedio es 30 de 54

Estadísticas de respuestas

# AparicionesJugador% Correcto
13Lebron James
99%
4Stephen Curry
98%
10Michael Jordan
95%
3Nikola Jokić
93%
1DeAndre Jordan
92%
11Kobe Bryant
92%
4Luka Dončić
90%
8Shaquille O'Neal
90%
6Kevin Durant
87%
6James Harden
86%
1Joel Embiid
85%
2Russell Westbrook
82%
9Magic Johnson
81%
9Larry Bird
75%
10Tim Duncan
75%
3Scottie Pippen
73%
4Chris Paul
71%
4Dirk Nowitzki
70%
2Jayson Tatum
70%
11Karl Malone
70%
4Anthony Davis
68%
3Steve Nash
68%
5Giannis Antetokounmpo
65%
6Hakeem Olajuwon
65%
3Kawhi Leonard
64%
2Dwyane Wade
63%
3Allen Iverson
62%
2John Stockton
60%
4Kevin Garnett
60%
1Marc Gasol
60%
1Devin Booker
56%
1Damian Lillard
55%
1Derrick Rose
54%
4David Robinson
52%
5Dwight Howard
50%
1Paul George
50%
5Charles Barkley
47%
1Shai Gilgeous-Alexander
45%
5Jason Kidd
41%
2Tracy McGrady
31%
1Patrick Ewing
30%
2Gary Payton
25%
1Clyde Drexler
24%
2Penny Hardaway
21%
1Tim Hardaway
20%
1Kevin McHale
18%
1Joakim Noah
17%
1Amare Stoudemire
15%
1Alonzo Mourning
13%
1Chris Mullin
11%
1Grant Hill
11%
1Chris Webber
10%
1Latrell Sprewell
10%
1Mark Price
10%

Distribución de puntuación

Porcentaje por número respondido

Porcentaje de gente con cada puntuación

Historial de tus puntuaciones

No has intentado esta prueba desde el último reinicio